Представление документа в формате RUSMARC

ПолеНазваниеЗначение
  Тип записи a
  Библиографический уровень m
001 Контрольный номер RU/IS/BASE/383835296
005 Дата корректировки 20250120161806.5
010 Индекс ISBN __
a ISBN 978-5-394-01309-6
d Цена 184-80
101 Язык документа 0_
a Язык текста rus
200 Заглавие и сведения об ответственности 1_
a Заглавие Исследование систем управления
e Сведения, относящиеся к заглавию учебник : для студентов вузов, обучающихся по специальности "Менеджмент организации"
f Первые сведения об ответственности Б. М. Жуков, Е. Н.Ткачева
b Общее обозначение материала Текст
210 Выходные данные 1_
a Место издания М.
c Издательство Дашков и К°
d Дата издания 2012
215 Физическое описание __
a Объем 206, [1] с.
c Иллюстрации/тип воспроизводства ил., табл.
320 Библиография __
a Библиография Лит.: с.206
330 Аннотация __
a Аннотация В учебнике рассматриваются вопросы методологии, методики и практики исследования систем управления, раскрываются современные подходы к планированию и организации проведения исследований систем управления.
606 Тематические рубрики __
a Основная рубрика Социальное управление
606 Тематические рубрики __
a Основная рубрика Информация и коммуникации в процессе управления в целом
610 Ключевые слова 0_
a Ключевые слова системы управления; методология управления; исследования систем управления; методы исследований; логико-интуитивные методы исследований; эмпирические методы исследований; комплексно-комбинированные методы исследований; менеджеры; научная эффективность; планирование исследований; процедуры управления; диагностика систем управления; социологические исследования; социально-экономическое экспериментирование; системы управления качеством; оформление документации; научно-исследовательская работа; диагностические исследования; методология исследований; теоретические методы; метод Монте-Карло; графические методы; экспертные методы исследований; методы тестирования; бизнес-планы; консультирование
686 Индексы других классификаций __
a Классификационный индекс 60.84я73
700 Автор _1
a Фамилия Жуков
b Имя Б. М.
g Полное личное имя Борис Михайлович
4 Код отношения 070
702 Вторичная интеллектуальная ответственность _1
a Фамилия Ткачева
b Имя Е. Н.
4 Код отношения Автор
g Полное личное имя Елена Николаевна
4 Код отношения 070
801 Источник записи _0
a Страна RU
b Организация Муниципальное бюджетное учреждение культуры "Централизованная библиотечная система" г. Сургут (Центральная городская библиотека им. А. С. Пушкина)
g Правила каталогизации КиК/Лукашук
801 Источник записи _1
a Страна RU
b Организация Муниципальное бюджетное учреждение культуры "Централизованная библиотечная система" г. Сургут (Центральная городская библиотека им. А. С. Пушкина)
g Правила каталогизации КиК/Лукашук
852 Данные о местонахождении __
j Шифр хранения 60.84я73
i Авторский знак Ж 86
901 Тип документа __
t Тип документа m
903 Характеристики (МАРС) __
a Дата передачи 20120229
969 Тип издания __
a Тип издания учебник
990 Данные о заказе (DOS) __
j Количество экземпляров (DOS) 3
t N записи в КСУ для И/У (DOS) 201203